00773cam a2200217 a 450000100070000000500170000700800410002401000170006502000340008204000180011605000210013408200200015524500720017526000340024730000260028150000200030750400510032794200120037899900170039095201480040758209120201124143315.0900605s1990 enk b 001 0 eng  a 90040908  a032436315X:c$80.00 (approx.) aDLCcDLCdDLC00aHB75b.H545 199000a330.09220bBRU04aThe History of economic thought /cStanley L. Brue, Randy R. Grant. aMason, OH;aThomson :cc2007. axiv, 543 p. ;c25 cm. aIncludes Index. aIncludes bibliographical references and index. 2ddccBB c11181d11181 00102ddc40708BaccahaMAINbMAINc1STd2009-04-05epurchaseg312.00h6993l9m20o330.09 BRUp000015625r2025-07-15 00:00:00s2019-10-17yBB